|
|
|
|
| LEADER |
01104nam a2200325Ka 4500 |
| 001 |
5268 |
| 003 |
BD-DhAAL |
| 005 |
20150218113219.0 |
| 008 |
150218s1988 enk 001 0 eng d |
| 020 |
|
|
|a 0330302620 (pbk.)
|
| 020 |
|
|
|a 9780330302623 (pbk.)
|
| 035 |
|
|
|a (OCoLC)18830256
|
| 040 |
|
|
|a QCG
|b eng
|c QCG
|d NLGGC
|d NZROD
|d YDXCP
|d AU@
|d B9K
|d SINLB
|d OCLCQ
|d OCLCF
|d EQF
|d BD-DhAAL
|
| 050 |
1 |
4 |
|a BF431
|b .B992 1988
|
| 082 |
0 |
4 |
|a 153
|2 21
|
| 100 |
1 |
|
|a Buzan, Tony.
|9 8617
|
| 245 |
1 |
0 |
|a Make the most of your mind.
|
| 250 |
|
|
|a Rev. ed.
|
| 260 |
|
|
|a London :
|b Pan,
|c 1988.
|
| 300 |
|
|
|a [13], 191 p.
|
| 500 |
|
|
|a Originally published 1977 by Colt Books Ltd.
|
| 500 |
|
|
|a Includes index.
|
| 541 |
|
|
|e 5268
|
| 650 |
|
0 |
|a Self-actualization (Psychology)
|9 8618
|
| 650 |
|
0 |
|a Self-culture.
|9 8619
|
| 650 |
|
7 |
|a Self-actualization (Psychology)
|2 fast
|9 8620
|
| 650 |
|
7 |
|a Self-culture.
|2 fast
|9 8621
|
| 942 |
|
|
|2 ddc
|c BK
|
| 999 |
|
|
|c 33746
|d 33746
|
| 952 |
|
|
|0 0
|1 0
|2 ddc
|4 0
|6 153_000000000000000_BUZ
|7 0
|9 52705
|a SCL
|b SCL
|c GEN
|d 2015-02-18
|g 562.00
|l 4
|m 19
|o 153 BUZ
|p 3020005268
|r 2018-07-19
|s 2018-05-16
|t 1
|w 2015-02-18
|y BK
|